Piłkarze Wisły Kraków 2025/2026 - Statystyki

Ogólne statystyki
  • Ten quiz został rozwiązany 47 razy
  • Średni wynik to 14 z 31
Statystyki odpowiedzi
Odpowiedź % Poprawnych
9 Angel Rodado
87%
1 Kamil Broda
80%
51 Maciej Kuziemka
73%
28 Patryk Letkiewicz
73%
2 Julian Lelieveld
70%
6 Alan Uryga
60%
41 Kacper Duda
60%
97 Wiktor Biedrzycki
60%
12 James Igbekeme
53%
8 Marc Carbo
53%
50 Mariusz Kutwa
53%
25 Bartosz Jaroch
50%
10 Frederico Duarte
50%
5 Joseph Colley
50%
4 Rafał Mikulec
50%
52 Jakub Krzyżanowski
47%
34 Raoul Giger
47%
11 Ardit Nikaj
40%
29 Darijo Grujcic
40%
56 Filip Baniowski
40%
99 Łukasz Zwoliński
40%
26 Igor Łasicki
33%
20 Ervin Omic
27%
7 Julius Ertlthaler
27%
57 Szymon Kawała
27%
19 Olivier Sukiennicki
20%
31 Anton Chickan
17%
75 Kacper Skrobański
17%
17 Marco Bozic
17%
22 Piotr Starzynski
13%
15 Wiktor Staszak
13%
Nie znaleziono quizów pasujących do podanych kryteriów
Rozkład punktacji
Procent ludzi z każdym wynikiem
Percentyl według liczby udzielonych odpowiedzi
Twoja historia wyników
Nie rozwiązałeś tego quizu